000 01036pam a2200289 a 4500
999 _c8019
_d8019
001 4963359
003 OSt
005 20200117103939.0
008 970728s1998 njua b 001 0 eng
010 _a 97030382
020 _a9788120328242
040 _aDLC
_cDLC
_dDLC
050 0 0 _aHF5635
_b.K15 1998
082 0 0 _a658.1511
_221
_bKAP/A
100 _a Kaplan, Robert S
_91210
245 1 0 _aAdvanced management accounting /
_cRobert S. Kaplan, Anthony A. Atkinson.
250 _a3rd ed.
260 _aUpper Saddle River, N.J. :
_bPrentice Hall,
_cc1998.
300 _axviii, 798 p. :
_bill. ;
_c24 cm.
440 4 _aThe Robert S. Kaplan series in management accounting
504 _aIncludes bibliographical references and index.
650 0 _aManagerial accounting.
700 1 _aAtkinson, Anthony A.
_91236
906 _a7
_bcbc
_corignew
_d1
_eocip
_f19
_gy-gencatlg
942 _2ddc
_cBK
_h658.1511
_iKAP/A
_k658.1511
_mKAP/A